Nuevos enfoques en la docencia y la investigación de las ciencias jurídicas y otras disciplinas /

保存先:
書誌詳細
その他の著者: Manetsberger, Julia (coordinador.), Soria Rodríguez, Carlos (coordinador.)
フォーマット: eBook
言語:スペイン語
出版事項: Madrid : Dykinson, 2024.
シリーズ:Colección Conocimiento Contemporáneo ; 237.
主題:
オンライン・アクセス:https://elibro.unach.elogim.com/es/lc/unach/titulos/279532
タグ: タグ追加
タグなし, このレコードへの初めてのタグを付けませんか!

MARC

LEADER 00000nam a2200000 i 4500
001 ELB279532
003 FINmELB
005 20250320115145.0
006 m o u
007 cr cn|||||||||
008 250320s2024 sp ob 000 0 spa d
020 |a 9788410706910  |q (e-book) 
035 |a (OCoLC)1511311784 
040 |a FINmELB  |b spa  |e rda  |c FINmELB 
050 1 4 |a K100  |b N964 2024 
080 |a 34(07) 
082 0 4 |a 340.0711  |2 23 
245 0 0 |a Nuevos enfoques en la docencia y la investigación de las ciencias jurídicas y otras disciplinas /  |c coords. Carlos Soria Rodríguez, Julia Manetsberger. 
264 1 |a Madrid :  |b Dykinson,  |c 2024. 
300 |a 1 recurso en línea (807 páginas) 
336 |a texto  |b txt  |2 rdamedia/spa 
337 |a computadora  |b c  |2 rdamedia/spa 
338 |a recurso en línea  |2 rdacarrier/spa 
490 1 |a Colección Conocimiento Contemporáneo ;  |v 237 
504 |a Incluye referencias bibliográficas. 
588 |a Descripción basada en metadatos suministrados por el editor y otras fuentes. 
590 |a Recurso electrónico. Santa Fe, Arg.: elibro, 2024. Disponible vía World Wide Web. El acceso puede estar limitado para las bibliotecas afiliadas a elibro. 
650 4 |a Derecho  |x Enseñanza (Superior) 
650 4 |a Derecho  |x Investigaciones. 
650 4 |a Innovaciones educativas. 
655 4 |a Libros electrónicos. 
700 1 |a Manetsberger, Julia,  |e coordinador. 
700 1 |a Soria Rodríguez, Carlos,  |e coordinador. 
797 2 |a elibro, Corp. 
830 0 |a Colección Conocimiento Contemporáneo ;  |v 237. 
856 4 0 |u https://elibro.unach.elogim.com/es/lc/unach/titulos/279532